01918nam a22004214a 4500001001200000003000800012006001900020007001500039008004100054010001700095020003600112020003500148040002100183035002100204043001200225050002400237082002400261245016700285260005500452300003100507500009000538504006600628533015200694650005400846650005300900650006100953650004801014650006001062650002701122651003401149655002901183700003001212700005601242710003801298710001701336856012601353999001701479ebr10408817CaPaEBRm u cr cn|||||||||040505s2004 aluab sb s001 0 eng  z 2004010598 z0817314202 (cloth : alk. paper) z0817351272 (pbk. : alk. paper) aCaPaEBRcCaPaEBR a(OCoLC)680620771 an-usu--14aE78.S65bE16 2004eb04a738.3/089/9707522200aEarly potteryh[electronic resource] :btechnology, function, style, and interaction in the lower Southeast /cedited by Rebecca Saunders and Christopher T. Hays. aTuscaloosa :bUniversity of Alabama Press,cc2004. axii, 276 p. :bill., maps. aPapers originally presented at the Society for American Archaeology meetings in 2000. aIncludes bibliographical references (p. [233]-262) and index. aElectronic reproduction.bPalo Alto, Calif. :cebrary,d2013.nAvailable via World Wide Web.nAccess may be limited to ebrary affiliated libraries. 0aIndian potteryzSouthern StatesxThemes, motives. 0aIndian potteryzSouthern StatesvClassification. 0aMississippian potteryzSouthern StatesxThemes, motives. 0aExcavations (Archaeology)zSouthern States. 0aIndians of North AmericazSouthern StatesxAntiquities. 0aPoverty Point culture. 0aSouthern StatesxAntiquities. 7aElectronic books.2local1 aSaunders, Rebecca,d1955-1 aHays, Christopher T.q(Christopher Tinsley),d1957-2 aSociety for American Archaeology.2 aebrary, Inc.40uhttp://site.ebrary.com/lib/rucke/Doc?id=10408817zAn electronic book accessible through the World Wide Web; click to view c79872d79872